[Event "U.S. Open"]
[Site "?"]
[Date "1992.08.02"]
[Round "1"]
[White "Aldrich, Jeff"]
[Black "Solski, Jeff"]
[Result "1-0"]
[WhiteElo "1951"]
[BlackElo "1403"]
[PlyCount "57"]
[EventDate "1992.??.??"]

1. d4 Nf6 2. c4 g6 3. Nc3 Bg7 4. e4 d6 5. Bd3 Nc6 6. Nge2 Ng4 7. f3 Nf6 8. Be3
Bd7 9. a3 a5 10. O-O Qc8 11. Rc1 Nd8 12. Ng3 h5 13. e5 Nh7 14. f4 h4 15. Nge4
Bf5 16. Qe2 Nc6 17. Bf2 Qd7 18. d5 Nd8 19. Rce1 Nf8 20. exd6 e6 21. Nb5 cxd6
22. Nbxd6+ Ke7 23. Nxf5+ gxf5 24. Bc5+ Ke8 25. Nd6+ Ke7 26. Nxf5+ Kf6 27. Qe5+
Kg6 28. Nxh4+ Kh6 29. Qg5# 1-0

[Event "Saturn Mini-Swiss.B"]
[Site "?"]
[Date "1992.08.03"]
[Round "3"]
[White "Skidmore, Jennifer"]
[Black "Aldrich, Jeff"]
[Result "0-1"]
[WhiteElo "1925"]
[BlackElo "1951"]
[PlyCount "138"]
[EventDate "1992.??.??"]

1. e4 c6 2. d4 d5 3. Nd2 dxe4 4. Nxe4 Nd7 5. Nf3 Ngf6 6. Ng3 e6 7. Be2 c5 8. c3
Be7 9. O-O O-O 10. Be3 Qc7 11. Rc1 b6 12. Qd2 Bb7 13. dxc5 Bxc5 14. Nd4 Rad8
15. b4 Be7 16. Qc2 Nd5 17. Bd2 Bf6 18. Nb5 Qb8 19. Bd3 h6 20. Ne4 Ne5 21. Be2
Be7 22. a3 Nxb4 23. axb4 Bxe4 24. Qxe4 Rxd2 25. f4 Ng6 26. Bh5 Nh4 27. Bf3
Nxf3+ 28. Rxf3 Rfd8 29. Rcf1 Bf6 30. Qe3 a6 31. Na3 b5 32. Nb1 Rd1 33. g4 Bh4
34. g5 Rxf1+ 35. Rxf1 hxg5 36. fxg5 Rd5 37. Qh3 Rxg5+ 38. Kh1 Qb7+ 39. Qf3
Qxf3+ 40. Rxf3 Rd5 41. Rf1 Bf6 42. Rc1 Rd3 43. Kg2 e5 44. Kf2 Bg5 45. Re1 Bh4+
46. Ke2 Rh3 47. Rd1 Rxh2+ 48. Ke3 Bg5+ 49. Ke4 Bf4 50. Rd8+ Kh7 51. Rd3 g6 52.
Rd7 Kg7 53. Rd1 f5+ 54. Kd5 e4 55. Na3 e3 56. Kc6 e2 57. Rd7+ Kh6 58. Nc2 Bg3
59. Re7 f4 60. Kb6 f3 61. Kxa6 f2 62. Kxb5 f1=Q 63. c4 e1=Q 64. Nxe1 Bxe1 65.
Rc7 Rb2 66. Ka6 Rxb4 67. Ka7 Bg3 68. Ka8 Qa1+ 69. Ra7 Rb8# 0-1

[Event "U.S. Open"]
[Site "Dearborn, Mich."]
[Date "1992.08.03"]
[Round "2"]
[White "Moody, David"]
[Black "Thomas, Willie"]
[Result "1-0"]
[WhiteElo "2000"]
[BlackElo "1613"]
[PlyCount "25"]
[EventDate "1992.08.02"]

1. e4 d6 2. d4 Nf6 3. Nc3 g6 4. f4 c6 5. Nf3 Bg7 6. e5 dxe5 7. fxe5 Nd5 8. Bc4
Bg4 9. h3 Bxf3 10. Qxf3 e6 11. Ne4 Nd7 12. Nd6+ Kf8 13. Qxf7# 1-0

[Event "Saturn Mini-Swiss.B"]
[Site "?"]
[Date "1992.08.03"]
[Round "1"]
[White "Lahr, Fred"]
[Black "Aldrich, Jeff"]
[Result "0-1"]
[WhiteElo "1882"]
[BlackElo "1951"]
[PlyCount "60"]
[EventDate "1992.??.??"]

1. e4 c6 2. d4 d5 3. e5 Bf5 4. Nf3 e6 5. Be2 Ne7 6. O-O Nd7 7. Be3 Qb6 8. b3
Ng6 9. Nbd2 c5 10. c4 Be7 11. cxd5 exd5 12. Rc1 Rc8 13. Re1 O-O 14. Bf1 cxd4
15. Nxd4 Be6 16. Nf5 Qb4 17. Nxe7+ Qxe7 18. f4 Qb4 19. Qf3 d4 20. Bf2 Rxc1 21.
Rxc1 Qxd2 22. Rd1 Qxf4 23. Qxb7 Ndxe5 24. Rxd4 Qc1 25. Qxa7 Nf4 26. Qa6 Bg4 27.
Re4 Ned3 28. h3 Ne2+ 29. Rxe2 Bxe2 30. Qb6 Qxf1+ 0-1

[Event "U.S. Open"]
[Site "?"]
[Date "1992.08.03"]
[Round "2.18"]
[White "Feldman, Steve"]
[Black "Aldrich, Jeff"]
[Result "1-0"]
[WhiteElo "2293"]
[BlackElo "1951"]
[PlyCount "125"]
[EventDate "1992.??.??"]

1. d4 d5 2. c4 e6 3. Nc3 Nf6 4. Bg5 Nbd7 5. cxd5 exd5 6. e3 c6 7. Bd3 Be7 8.
Qc2 h6 9. Bh4 O-O 10. Nge2 Re8 11. f3 Nb6 12. O-O Nh5 13. Bxe7 Qxe7 14. e4 c5
15. Nxd5 Nxd5 16. exd5 cxd4 17. Rad1 Nf6 18. Bb5 Bd7 19. Nxd4 Nxd5 20. Bxd7
Qxd7 21. Nf5 Qb5 22. Qf2 Rad8 23. Qd4 Qb6 24. Qxb6 Nxb6 25. Kf2 h5 26. Rfe1 Kf8
27. b3 g6 28. Ne3 Kg7 29. g3 f5 30. Ng2 Kf6 31. Nf4 g5 32. Nxh5+ Kg6 33. g4 a5
34. Rxd8 Rxd8 35. Re6+ Kf7 36. Rxb6 Rd2+ 37. Ke3 Rxh2 38. Rxb7+ Kg6 39. gxf5+
Kxf5 40. Ng3+ Kg6 41. Rb6+ Kf7 42. a4 Rc2 43. Ne4 Ke7 44. Nxg5 Rc3+ 45. Ke4 Rc1
46. f4 Re1+ 47. Kd5 Rd1+ 48. Ke5 Re1+ 49. Ne4 Kd7 50. f5 Kc7 51. Rb5 Re3 52. f6
Rf3 53. Rxa5 Rxb3 54. f7 Rf3 55. Nf6 Kb6 56. Rb5+ Kc7 57. Rc5+ Kb6 58. f8=Q
Re3+ 59. Kd4 Re6 60. Qb8+ Ka6 61. Qb5+ Ka7 62. Rc7+ Ka8 63. Qb7# 1-0

[Event "Saturn Mini-Swiss.B"]
[Site "?"]
[Date "1992.08.03"]
[Round "2"]
[White "Aldrich, Jeff"]
[Black "Reed, Boyd"]
[Result "0-1"]
[WhiteElo "1951"]
[BlackElo "1838"]
[PlyCount "68"]
[EventDate "1992.??.??"]

1. d4 d5 2. c4 e6 3. Nc3 Nf6 4. Bg5 Be7 5. Nf3 O-O 6. e3 h6 7. Bxf6 Bxf6 8. Qc2
dxc4 9. Bxc4 Nd7 10. Rc1 Nb6 11. Bd3 c6 12. O-O Nd5 13. a3 Qe7 14. b4 Bd7 15.
Ne4 Rac8 16. Nc5 b6 17. Nxd7 Qxd7 18. Ba6 Rc7 19. Rfd1 Ne7 20. Ne5 Qd6 21. Qe4
c5 22. Bd3 g6 23. Ng4 Bg7 24. dxc5 bxc5 25. bxc5 Rxc5 26. Qb4 Rxc1 27. Rxc1
Qxd3 28. Qxe7 Qd2 29. Rf1 Qb2 30. Qb4 Qxb4 31. axb4 Rc8 32. h3 Rb8 33. Rb1 Rb5
34. Ra1 Bxa1 0-1

[Event "U.S. Open"]
[Site "Dearborn, Mich."]
[Date "1992.08.04"]
[Round "3"]
[White "Moody, David"]
[Black "Laren, Phil"]
[Result "0-1"]
[WhiteElo "2000"]
[BlackElo "2217"]
[PlyCount "50"]
[EventDate "1992.08.02"]

1. e4 e6 2. d4 d5 3. Nc3 Nf6 4. Bg5 Be7 5. e5 Ng8 6. Be3 b6 7. Nce2 c5 8. c3
Nc6 9. Nf3 Qc7 10. g3 Bd7 11. Bg2 h5 12. Nf4 O-O-O 13. a3 c4 14. Nd2 g6 15.
Bxd5 exd5 16. Nxd5 Qb7 17. Nxc4 Be6 18. Nxe7+ Ncxe7 19. d5 Bxd5 20. Nd6+ Rxd6
21. exd6 Bxh1 22. Qd4 f6 23. O-O-O Nf5 24. Qc4+ Kd8 25. Bf4 Bc6 0-1

[Event "U.S. Open"]
[Site "?"]
[Date "1992.08.04"]
[Round "3.90"]
[White "Aldrich, Jeff"]
[Black "Markowski, Alina"]
[Result "1-0"]
[WhiteElo "1951"]
[BlackElo "1671"]
[PlyCount "97"]
[EventDate "1992.??.??"]

1. d4 Nf6 2. c4 e6 3. Nc3 Bb4 4. Qc2 c5 5. Nf3 d5 6. e3 O-O 7. Bd2 Bxc3 8. Bxc3
Ne4 9. cxd5 Nxc3 10. Qxc3 cxd4 11. Nxd4 Qxd5 12. Nb5 Na6 13. Rd1 Qc5 14. Qd2
Qb4 15. Nc3 Qa5 16. a3 Qg5 17. Ne4 Qh4 18. Qd4 Nc7 19. g3 Qe7 20. Qe5 f6 21.
Qh5 Bd7 22. Bd3 Bc6 23. O-O Be8 24. Qh4 Bg6 25. b4 Rad8 26. Nc5 Bxd3 27. Nxd3
Nd5 28. Nc5 Nc3 29. Rxd8 Rxd8 30. Qc4 Nd5 31. Rc1 b6 32. Nb3 f5 33. Nd4 Rd7 34.
Qc8+ Kf7 35. Nc6 Qd6 36. Ne5+ Qxe5 37. Qxd7+ Kf6 38. h4 Qb2 39. Rc6 Qb1+ 40.
Kh2 Qe4 41. Qe8 h6 42. h5 f4 43. Qf8+ Kg5 44. exf4+ Kxh5 45. Qf7+ Kg4 46. Rxe6
Qc2 47. Rg6+ Kf3 48. Qxd5+ Kxf2 49. Qg2+ 1-0

[Event "U.S. Open"]
[Site "Dearborn, Mich."]
[Date "1992.08.05"]
[Round "4"]
[White "Anderson, James"]
[Black "Moody, David"]
[Result "0-1"]
[WhiteElo "1811"]
[BlackElo "2000"]
[PlyCount "46"]
[EventDate "1992.08.02"]

1. e4 e5 2. Nf3 Nc6 3. Bc4 Nf6 4. Ng5 d5 5. exd5 Na5 6. Bb5+ c6 7. dxc6 bxc6 8.
Qf3 Rb8 9. Bd3 h6 10. Ne4 Nd5 11. Ng3 Nf4 12. Be4 Be7 13. Nc3 O-O 14. d3 f5 15.
Bxc6 Nxc6 16. Qxc6 Bb7 17. Qc4+ Kh8 18. Bxf4 exf4 19. Nge2 Bxg2 20. Rg1 Rb4 21.
Qxb4 Bxb4 22. Nxf4 Re8+ 23. Kd2 Qg5 0-1

[Event "U.S. Open"]
[Site "?"]
[Date "1992.08.05"]
[Round "4.80"]
[White "Alliston, Richard"]
[Black "Aldrich, Jeff"]
[Result "1/2-1/2"]
[WhiteElo "1651"]
[BlackElo "1951"]
[PlyCount "63"]
[EventDate "1992.??.??"]

1. d4 d5 2. c4 e6 3. Nc3 Nf6 4. Nf3 Nbd7 5. e3 c6 6. Bd2 Be7 7. cxd5 exd5 8.
Bd3 b6 9. O-O Bb7 10. Re1 O-O 11. a3 c5 12. Rc1 Rc8 13. e4 cxd4 14. Nxd4 Nc5
15. Bb1 dxe4 16. Nf5 Re8 17. Nxe7+ Rxe7 18. Bg5 Qxd1 19. Rcxd1 Rce8 20. Bxf6
gxf6 21. Re3 f5 22. Rg3+ Kh8 23. Ne2 Ba6 24. Nf4 Nd3 25. Nd5 Nxb2 26. Nxe7 Nxd1
27. Nxf5 h5 28. Nd6 Re7 29. Ba2 e3 30. fxe3 Nc3 31. Nxf7+ Kh7 32. Ng5+ 1/2-1/2

[Event "U.S. Open"]
[Site "Dearborn, Mich."]
[Date "1992.08.06"]
[Round "5"]
[White "Moody, David"]
[Black "Figelman, Ilya"]
[Result "1-0"]
[WhiteElo "2000"]
[BlackElo "2145"]
[PlyCount "43"]
[EventDate "1992.08.02"]

1. e4 e5 2. Nf3 Nf6 3. Bc4 Nxe4 4. Nc3 Nxc3 5. dxc3 f6 6. Nh4 g6 7. f4 c6 8. f5
d5 9. fxg6 Be6 10. Qh5 Bg7 11. Bh6 Qd7 12. Bxg7 Qxg7 13. gxh7+ Kd8 14. Ng6 Bf7
15. Bd3 e4 16. Bxe4 dxe4 17. O-O-O+ Ke8 18. Qf5 Qh6+ 19. Kb1 Bxg6 20. Qe6+ Kf8
21. Rd8+ Kg7 22. Qg8+ 1-0

[Event "Probe Mini-Swiss.B"]
[Site "?"]
[Date "1992.08.06"]
[Round "3"]
[White "Hall, Ralph"]
[Black "Aldrich, Jeff"]
[Result "1-0"]
[WhiteElo "1805"]
[BlackElo "1951"]
[PlyCount "117"]
[EventDate "1992.??.??"]

1. d4 d5 2. Nf3 Nf6 3. e3 Bg4 4. c4 e6 5. Nc3 c6 6. cxd5 Nxd5 7. Be2 Be7 8. O-O
O-O 9. Bd2 c5 10. Nxd5 Qxd5 11. Bc3 Nc6 12. dxc5 Qxd1 13. Rfxd1 Bxc5 14. h3 Bf5
15. Rac1 Bb6 16. Nd4 Be4 17. Bf3 Nxd4 18. Bxd4 Bxf3 19. gxf3 Bxd4 20. Rxd4 b5
21. Rd7 g6 22. Rcc7 a6 23. Ra7 Kg7 24. Kg2 a5 25. a3 a4 26. Rxa8 Rxa8 27. Rb7
Ra5 28. Kg3 g5 29. f4 h6 30. fxg5 hxg5 31. h4 gxh4+ 32. Kxh4 Kg6 33. Kg4 f5+
34. Kf4 Kf6 35. Rb6 Ra8 36. Rxb5 Rh8 37. Ra5 Rg8 38. Kf3 Rg4 39. Ke2 Rc4 40.
Kd3 Rh4 41. f4 Rh2 42. Rxa4 Rxb2 43. Rb4 Ra2 44. Rb3 Ra1 45. Kc4 Ra2 46. Kb5 e5
47. fxe5+ Kxe5 48. a4 Ke4 49. a5 Rh2 50. a6 Rh7 51. Kb6 Rh6+ 52. Kb7 Rh7+ 53.
Ka8 Rh6 54. a7 Rh7 55. Kb8 Rh8+ 56. Kb7 Rh7+ 57. Ka6 Rh8 58. Rb8 Rh1 59. a8=Q+
1-0

[Event "Probe Mini-Swiss.B"]
[Site "?"]
[Date "1992.08.06"]
[Round "1"]
[White "Aldrich, Jeff"]
[Black "Zubatch, Steve"]
[Result "1-0"]
[WhiteElo "1951"]
[BlackElo "1772"]
[PlyCount "55"]
[EventDate "1992.??.??"]

1. d4 Nf6 2. c4 g6 3. Nc3 Bg7 4. e4 d6 5. f4 O-O 6. Nf3 Bg4 7. Be2 c6 8. O-O e5
9. dxe5 Bxf3 10. Rxf3 dxe5 11. Qf1 exf4 12. Bxf4 Nfd7 13. Rd1 Qb6+ 14. Kh1 Ne5
15. Bxe5 Bxe5 16. Rh3 Nd7 17. Rxd7 Rad8 18. Rxd8 Rxd8 19. Rf3 Rd7 20. Bd1 Qxb2
21. Na4 Qd4 22. Bb3 c5 23. Nc3 Qd6 24. Nd5 Kg7 25. Ba4 Rd8 26. Rxf7+ Kh8 27.
Nf6 b5 28. Rxh7# 1-0

[Event "Probe Mini-Swiss.B"]
[Site "?"]
[Date "1992.08.06"]
[Round "2"]
[White "Aldrich, Jeff"]
[Black "White, Alex"]
[Result "0-1"]
[WhiteElo "1951"]
[BlackElo "1973"]
[PlyCount "118"]
[EventDate "1992.??.??"]

1. d4 d5 2. c4 c6 3. Nc3 e6 4. Nf3 Nd7 5. e3 Ngf6 6. Qc2 a6 7. cxd5 exd5 8. Bd3
Bd6 9. Bd2 Qc7 10. Rc1 Nf8 11. O-O Ng6 12. h3 Ne7 13. e4 dxe4 14. Nxe4 Nxe4 15.
Bxe4 h5 16. Rfe1 Bg4 17. hxg4 hxg4 18. Ne5 O-O-O 19. Nxf7 Bh2+ 20. Kf1 Rdf8 21.
Bf5+ Kb8 22. Rxe7 Qxe7 23. Nxh8 Qf6 24. Qe4 Rxh8 25. Bf4+ Bxf4 26. Qxf4+ Ka8
27. Qxg4 Rh1+ 28. Ke2 Rxc1 29. Qe4 Qf7 30. g4 Qxa2 31. Qe5 Qxb2+ 32. Kf3 Qb3+
33. Kf4 Qf7 34. Kg3 Rc3+ 35. f3 Qd5 36. Be4 Qxe5+ 37. dxe5 Kb8 38. Kf4 Kc7 39.
Kg5 Rc5 40. f4 Kd7 41. Bf5+ Ke7 42. Bc8 Rb5 43. Kg6 Rb4 44. Kg5 a5 45. f5 a4
46. Be6 Re4 47. Bc8 Rxe5 48. Kg6 Kf8 49. f6 gxf6 50. Kxf6 Re2 51. Bxb7 a3 52.
Bxc6 a2 53. g5 a1=Q+ 54. Kg6 Re6+ 55. Kh5 Rxc6 56. g6 Rxg6 57. Kxg6 Qf1 58. Kh7
Qg1 59. Kh6 Qg4 0-1

[Event "U.S. Open"]
[Site "?"]
[Date "1992.08.06"]
[Round "5.57"]
[White "Aldrich, Jeff"]
[Black "Baudry, Pascal"]
[Result "1-0"]
[WhiteElo "1951"]
[BlackElo "2100"]
[PlyCount "57"]
[EventDate "1992.??.??"]

1. d4 Nf6 2. c4 c5 3. d5 b5 4. cxb5 a6 5. bxa6 Bxa6 6. Nc3 g6 7. g3 d6 8. Bg2
Bg7 9. Nf3 Nbd7 10. O-O O-O 11. Re1 Ng4 12. Rb1 Qc7 13. a4 Rfb8 14. Qc2 Qa7 15.
h3 Nge5 16. Nb5 Bxb5 17. axb5 Qa5 18. Bd2 Qxb5 19. b4 c4 20. Nd4 Qb6 21. Be3
Nd3 22. exd3 Bxd4 23. Bxd4 Qxd4 24. dxc4 Rc8 25. Re4 Qxd5 26. Rxe7 Qg5 27. Rxd7
Ra3 28. Rxd6 Qe7 29. Rd3 1-0

[Event "Mustang Action"]
[Site "?"]
[Date "1992.08.07"]
[Round "3"]
[White "Weeramantry, Sunil"]
[Black "Aldrich, Jeff"]
[Result "1-0"]
[WhiteElo "2273"]
[BlackElo "1951"]
[PlyCount "59"]
[EventDate "1992.??.??"]

1. e4 c6 2. d4 d5 3. exd5 cxd5 4. Bd3 Nc6 5. c3 Nf6 6. Bf4 Bg4 7. Qb3 Qd7 8.
Nd2 e6 9. Ngf3 Be7 10. O-O O-O 11. Rae1 Rac8 12. a3 a6 13. Qc2 h6 14. h3 Bxf3
15. Nxf3 Bd6 16. Bxd6 Qxd6 17. Qe2 b5 18. Ne5 Nd7 19. f4 Na5 20. f5 Nxe5 21.
dxe5 Qb6+ 22. Kh1 exf5 23. Rxf5 Nc4 24. Rf6 Qd8 25. Rxa6 d4 26. Qe4 f5 27. exf6
Rxf6 28. Rxf6 gxf6 29. Qg6+ Kf8 30. Qxh6+ 1-0

[Event "Mustang Action"]
[Site "?"]
[Date "1992.08.07"]
[Round "1"]
[White "Rex, Tom"]
[Black "Aldrich, Jeff"]
[Result "0-1"]
[WhiteElo "1386"]
[BlackElo "1951"]
[PlyCount "64"]
[EventDate "1992.??.??"]

1. d4 d5 2. c4 e6 3. Nc3 Nf6 4. Qc2 c6 5. Nf3 Nbd7 6. Bg5 Be7 7. e3 O-O 8.
O-O-O dxc4 9. Bxc4 b5 10. Bd3 Bb7 11. e4 h6 12. Be3 Rc8 13. Rhg1 Ng4 14. Qd2 b4
15. Ne2 c5 16. Kb1 c4 17. Bc2 c3 18. Qd3 Ndf6 19. Ng3 Qa5 20. e5 Ba6 21. exf6
Bxd3 22. fxe7 Bxc2+ 23. Kxc2 Nxe3+ 24. fxe3 cxb2+ 25. Kxb2 Qa3+ 26. Ka1 Qc3+
27. Kb1 Rfe8 28. Rc1 Qd3+ 29. Ka1 b3 30. Rxc8 Rxc8 31. axb3 Qxb3 32. Rb1 Qa3#
0-1

[Event "U.S. Open"]
[Site "Dearborn, Mich."]
[Date "1992.08.07"]
[Round "6"]
[White "Ciaffone, Robert"]
[Black "Moody, David"]
[Result "1/2-1/2"]
[WhiteElo "2224"]
[BlackElo "2000"]
[PlyCount "69"]
[EventDate "1992.08.02"]

1. Nf3 b5 2. e3 a6 3. c4 bxc4 4. Bxc4 e6 5. O-O Bb7 6. d4 Nf6 7. Nc3 d5 8. Bd3
c5 9. b3 cxd4 10. Nxd4 Nbd7 11. Bb2 Be7 12. Rc1 O-O 13. Qe2 Nc5 14. Bb1 a5 15.
Rfd1 Qb6 16. Kh1 a4 17. Nxa4 Nxa4 18. bxa4 Rxa4 19. f3 Rfa8 20. Nb3 Rxa2 21.
Bxa2 Rxa2 22. Qc2 Qxe3 23. Bd4 Rxc2 24. Bxe3 Rxc1 25. Rxc1 Bd6 26. Nc5 Bxc5 27.
Bxc5 h6 28. Rb1 Ba6 29. Bd4 Kh7 30. Kg1 Kg6 31. Kf2 Bc4 32. Rb7 Nh5 33. g3 Nf6
34. h4 h5 35. Bxf6 1/2-1/2

[Event "Mustang Action"]
[Site "?"]
[Date "1992.08.07"]
[Round "5"]
[White "Aldrich, Jeff"]
[Black "Wolfrom, David"]
[Result "1/2-1/2"]
[WhiteElo "1951"]
[BlackElo "2193"]
[PlyCount "77"]
[EventDate "1992.??.??"]

1. d4 Nf6 2. c4 c5 3. d5 b5 4. cxb5 a6 5. bxa6 Bxa6 6. Nc3 g6 7. g3 d6 8. Bg2
Bg7 9. Nf3 Nbd7 10. O-O Nb6 11. Re1 O-O 12. Rb1 Nfd7 13. Qc2 Qc7 14. a4 Qb7 15.
e4 Nc4 16. Nb5 Bxb5 17. axb5 Nce5 18. b4 Qxb5 19. Nxe5 Bxe5 20. bxc5 Qxc5 21.
Qxc5 Nxc5 22. Be3 Ra2 23. Red1 Na4 24. Rd2 Rxd2 25. Bxd2 Nc5 26. Bg5 f6 27. Be3
Rc8 28. Bh3 Rc7 29. Rb8+ Kg7 30. Rc8 Rxc8 31. Bxc8 Nxe4 32. f4 Bc3 33. Kg2 Bb4
34. Kf3 Nc3 35. Be6 Ba5 36. g4 Kf8 37. f5 g5 38. h4 h6 39. h5 1/2-1/2

[Event "U.S. Open"]
[Site "?"]
[Date "1992.08.07"]
[Round "6.38"]
[White "Aldrich, Jeff"]
[Black "Wachtel, Howard"]
[Result "1/2-1/2"]
[WhiteElo "1951"]
[BlackElo "2141"]
[PlyCount "103"]
[EventDate "1992.??.??"]

1. d4 Nf6 2. c4 e6 3. Nc3 Bb4 4. Qc2 O-O 5. Nf3 c5 6. e3 Nc6 7. dxc5 Bxc5 8. a3
a5 9. Bd3 b6 10. b3 Bb7 11. Bb2 h6 12. O-O Rc8 13. Rfd1 Be7 14. Rac1 Qc7 15.
Qe2 Ng4 16. Nb5 Qb8 17. Bb1 Rfd8 18. h3 Nge5 19. Nxe5 Nxe5 20. Qh5 Rc5 21. Qe2
Nc6 22. Qd3 f5 23. Nd6 Ba6 24. e4 Bg5 25. Qg3 f4 26. Qc3 Bf6 27. e5 Bxe5 28.
Qc2 Bxb2 29. Qxb2 Rg5 30. Qc2 Ne5 31. Qe4 Ng6 32. Rc3 Qa8 33. Qxa8 Rxa8 34. Ne4
Re5 35. Rxd7 Rb8 36. Nf6+ gxf6 37. Bxg6 Bb7 38. Rcd3 Rg5 39. Rd8+ Rxd8 40.
Rxd8+ Kg7 41. Rd7+ Kxg6 42. Rxb7 f3 43. g3 Re5 44. g4 Kg5 45. Rxb6 Kf4 46. Rd6
Re1+ 47. Kh2 Re2 48. Rd4+ Ke5 49. Rd3 Kf4 50. Kg1 Re1+ 51. Kh2 Re2 52. Kg1
1/2-1/2

[Event "Mustang Action"]
[Site "?"]
[Date "1992.08.07"]
[Round "2"]
[White "Aldrich, Jeff"]
[Black "Reach, R.T."]
[Result "1-0"]
[WhiteElo "1951"]
[BlackElo "1609"]
[PlyCount "63"]
[EventDate "1992.??.??"]

1. d4 Nf6 2. c4 e6 3. Nc3 Bb4 4. Qc2 d5 5. Nf3 O-O 6. Bg5 c5 7. e3 Nbd7 8. cxd5
exd5 9. Bd3 Bxc3+ 10. bxc3 cxd4 11. cxd4 Qa5+ 12. Nd2 Re8 13. O-O Ne4 14. Nxe4
dxe4 15. Bxe4 Qxg5 16. Bxh7+ Kh8 17. Be4 Nf6 18. Bf3 Re7 19. Rac1 Bf5 20. Qc5
Ne4 21. Qa5 b6 22. Qb4 Bh3 23. Kh1 Qh4 24. gxh3 Nxf2+ 25. Rxf2 Qxf2 26. Bxa8
Qxe3 27. Rc8+ Kh7 28. Qb1+ g6 29. Qg1 Qxh3 30. Rc1 Re2 31. Rf1 f5 32. Rf2 {Time
} 1-0

[Event "Mustang Action"]
[Site "?"]
[Date "1992.08.07"]
[Round "4"]
[White "Aldrich, Jeff"]
[Black "Choate, Eric"]
[Result "1-0"]
[WhiteElo "1951"]
[BlackElo "770"]
[PlyCount "53"]
[EventDate "1992.??.??"]

1. d4 d5 2. c4 c5 3. dxc5 dxc4 4. Qxd8+ Kxd8 5. Nf3 Bg4 6. Ne5 f6 7. Nxg4 e5 8.
e4 Nc6 9. Be3 Nb4 10. Kd2 b6 11. cxb6 axb6 12. Bxb6+ Kc8 13. Bxc4 Nc6 14. Bd5
Kd7 15. Nc3 Rb8 16. Na4 Bb4+ 17. Ke3 Ra8 18. Rhd1 Rxa4 19. Bb3+ Ke7 20. Bxa4
Nh6 21. Nxh6 gxh6 22. Bxc6 Rb8 23. Rd7+ Ke6 24. Bc7 Bc5+ 25. Kf3 Rg8 26. Rxh7
Bd6 27. Bd5# 1-0

[Event "U.S. Open"]
[Site "Dearborn, Mich."]
[Date "1992.08.09"]
[Round "7"]
[White "Moody, David"]
[Black "Littke, Adam"]
[Result "0-1"]
[WhiteElo "2000"]
[BlackElo "2197"]
[PlyCount "62"]
[EventDate "1992.08.02"]

1. Nc3 c5 2. Nf3 Nc6 3. d4 d5 4. Bf4 Bg4 5. Ne5 Nxe5 6. Bxe5 f6 7. Bg3 e6 8. f3
Bh5 9. e4 dxe4 10. Bb5+ Kf7 11. d5 exd5 12. Nxd5 Bd6 13. c3 exf3 14. gxf3 g5
15. Qb3 Kg7 16. O-O-O Bf7 17. Bc4 Bxg3 18. hxg3 Qc8 19. Nxf6 Nxf6 20. Bxf7 Qc7
21. Bd5 Rab8 22. Be4 Rhe8 23. Bf5 Re7 24. Rh3 Rbe8 25. Qc2 Re2 26. Qa4 Qe5 27.
g4 Qe3+ 28. Kb1 Re1 29. Qb3 Rd8 30. Bc2 Rexd1+ 31. Bxd1 Qd3+ 0-1

[Event "U.S. Open"]
[Site "?"]
[Date "1992.08.09"]
[Round "7.43"]
[White "Mazuchowski, Tom"]
[Black "Aldrich, Jeff"]
[Result "1-0"]
[WhiteElo "2142"]
[BlackElo "1951"]
[PlyCount "55"]
[EventDate "1992.??.??"]

1. e4 c6 2. d4 d5 3. Nd2 dxe4 4. Nxe4 Nd7 5. Bc4 e6 6. Nf3 Ngf6 7. Nxf6+ Nxf6
8. Bf4 Be7 9. Qd3 O-O 10. h4 a5 11. c3 b5 12. Bb3 c5 13. Bc2 c4 14. Qe2 Bb7 15.
Ng5 Qd5 16. f3 Rfe8 17. g4 h6 18. Ne4 Nxe4 19. fxe4 Qd8 20. g5 f5 21. Qh5 fxe4
22. gxh6 Qd5 23. Be5 Bf6 24. O-O-O b4 25. Rhg1 Re7 26. hxg7 Bxg7 27. Rg5 bxc3
28. bxc3 1-0

[Event "U.S. Open"]
[Site "?"]
[Date "1992.08.10"]
[Round "8.61"]
[White "Lank, James"]
[Black "Aldrich, Jeff"]
[Result "1-0"]
[WhiteElo "2164"]
[BlackElo "1951"]
[PlyCount "127"]
[EventDate "1992.??.??"]

1. e4 c6 2. c4 e5 3. Nc3 Nf6 4. g3 Bc5 5. Bg2 d6 6. Nge2 Be6 7. d3 Qd7 8. Rb1
a5 9. O-O Bh3 10. d4 Bxg2 11. Kxg2 Ba7 12. Bg5 h5 13. dxe5 dxe5 14. Bxf6 gxf6
15. Qxd7+ Nxd7 16. Na4 Nc5 17. Nxc5 Bxc5 18. Rbd1 Ke7 19. Rd3 Rad8 20. Rfd1
Rxd3 21. Rxd3 Ke6 22. Nc1 a4 23. Kf3 Ra8 24. a3 Bd4 25. Rd2 Rb8 26. b4 b5 27.
c5 f5 28. Ne2 fxe4+ 29. Kxe4 f5+ 30. Kf3 Rd8 31. Nxd4+ Rxd4 32. Rxd4 exd4 33.
Ke2 Ke5 34. Kd3 f4 35. gxf4+ Kxf4 36. Kxd4 h4 37. h3 Kf3 38. Ke5 Kxf2 39. Kd6
Kg3 40. Kxc6 Kxh3 41. Kxb5 Kg3 42. c6 h3 43. c7 h2 44. c8=Q h1=Q 45. Qg8+ Kf4
46. Qf7+ Ke5 47. Qc7+ Kd4 48. Qc4+ Ke5 49. Qc5+ Kf4 50. Qd4+ Kf5 51. Qd3+ Ke5
52. Kxa4 Qa8+ 53. Kb3 Qg8+ 54. Qc4 Qa8 55. b5 Kd6 56. Kb4 Qg2 57. Qc5+ Kd7 58.
b6 Qe4+ 59. Kb5 Qd3+ 60. Ka5 Qd2+ 61. Ka6 Qd3+ 62. Qb5+ Qxb5+ 63. Kxb5 Kc8 64.
Kc6 1-0

[Event "U.S. Open"]
[Site "Dearborn, Mich."]
[Date "1992.08.10"]
[Round "8"]
[White "Feldman, Steve"]
[Black "Moody, David"]
[Result "1-0"]
[WhiteElo "2293"]
[BlackElo "2000"]
[PlyCount "65"]
[EventDate "1992.08.02"]

1. d4 Nf6 2. c4 c5 3. d5 e6 4. Nc3 exd5 5. cxd5 d6 6. e4 g6 7. Bb5+ Bd7 8. a4
a6 9. Bd3 Bg7 10. f4 O-O 11. Nf3 Bg4 12. O-O Re8 13. Bd2 Nbd7 14. Re1 c4 15.
Bxc4 Nc5 16. e5 dxe5 17. fxe5 Nfd7 18. e6 fxe6 19. dxe6 Bxe6 20. Qe2 Bxc4 21.
Qxc4+ Kh8 22. Ng5 Rf8 23. Be3 Rc8 24. Nf7+ Rxf7 25. Qxf7 Ne5 26. Qd5 Qxd5 27.
Nxd5 Ncd3 28. Re2 Nxb2 29. Rxb2 Nc4 30. Rbb1 Rd8 31. Ra2 Rxd5 32. Rc2 b5 33.
Rxc4 1-0

[Event "U.S. Open"]
[Site "Dearborn, Mich."]
[Date "1992.08.11"]
[Round "9"]
[White "Moody, David"]
[Black "Cohen, William"]
[Result "1-0"]
[WhiteElo "2000"]
[BlackElo "1773"]
[PlyCount "59"]
[EventDate "1992.08.02"]

1. e4 c5 2. c3 d5 3. exd5 Qxd5 4. d4 cxd4 5. Nf3 Nf6 6. cxd4 e6 7. Nc3 Qd8 8.
Bc4 Be7 9. O-O O-O 10. Ne5 Nc6 11. Nxc6 bxc6 12. Be3 a5 13. Qe2 Qc7 14. Rac1
Bd6 15. h3 Qe7 16. Na4 Nd5 17. Bb3 Ba6 18. Bc4 Nxe3 19. fxe3 Bb7 20. Bd3 Qg5
21. Nc5 Qg3 22. Qf3 Qxf3 23. Rxf3 Bxc5 24. Rxc5 Rfc8 25. Rf2 f5 26. Bc4 Re8 27.
Rfxf5 g6 28. Rfe5 Kf7 29. Rxa5 Rxa5 30. Rxa5 1-0

[Event "U.S. Open"]
[Site "?"]
[Date "1992.08.11"]
[Round "9"]
[White "Aldrich, Jeff"]
[Black "Regan, David"]
[Result "1-0"]
[WhiteElo "1951"]
[BlackElo "1778"]
[PlyCount "61"]
[EventDate "1992.??.??"]

1. d4 g6 2. c4 Bg7 3. Nc3 d6 4. e4 Nd7 5. f4 e5 6. Nf3 f6 7. f5 Ne7 8. Bd3 exd4
9. Nxd4 Ne5 10. O-O N7c6 11. Be2 O-O 12. Nd5 Nxd4 13. Qxd4 g5 14. c5 dxc5 15.
Qxc5 c6 16. Ne3 Qb6 17. Qxb6 axb6 18. Nc4 Nxc4 19. Bxc4+ Kh8 20. Be3 Re8 21.
Rad1 h5 22. Bxb6 Rxe4 23. Rd8+ Kh7 24. Be6 Bxe6 25. Rxa8 Bd5 26. Kf2 Rb4 27.
Bc7 Rxb2+ 28. Ke3 Rxg2 29. Rf2 Bh6 30. Rxg2 g4+ 31. Kf2 1-0

[Event "U.S. Open"]
[Site "Dearborn, Mich."]
[Date "1992.08.12"]
[Round "10"]
[White "Ward, Tom"]
[Black "Moody, David"]
[Result "1-0"]
[WhiteElo "2159"]
[BlackElo "2000"]
[PlyCount "79"]
[EventDate "1992.08.02"]

1. e4 e5 2. Bc4 Nf6 3. d4 exd4 4. Nf3 Nc6 5. O-O Bc5 6. e5 d5 7. exf6 dxc4 8.
Re1+ Be6 9. Ng5 Qd5 10. Nc3 Qf5 11. Nce4 O-O-O 12. g4 Qe5 13. Nxe6 fxe6 14.
fxg7 Rhg8 15. Bh6 d3 16. c3 d2 17. Re2 Rd3 18. Qf1 Rxg7 19. Bxg7 Qxg7 20. Rxd2
Ne5 21. Rxd3 Nxd3 22. Nxc5 Qxg4+ 23. Qg2 Qxg2+ 24. Kxg2 Nxc5 25. Kf3 a5 26. Rg1
Na4 27. Ke3 Nxb2 28. Rb1 Nd3 29. Rb5 b6 30. Rh5 c5 31. Rxh7 b5 32. Ra7 b4 33.
cxb4 axb4 34. h4 Ne1 35. Ra5 b3 36. Rxc5+ Kd7 37. axb3 cxb3 38. h5 b2 39. Rb5
Nc2+ 40. Ke4 1-0